Návrh na zlepšenie stavu nezamestnanosti v okrese Trenčín : Bakalárska práca
Saved in:
| Main Author: | |
|---|---|
| Other Authors: | |
| Format: | Manuscript Book |
| Language: | Slovak |
| Published: |
Trnava :
STU v Bratislave MTF UIPH,
2011
|
| Subjects: | |
| Online Access: | VAIS |
| Tags: |
No Tags, Be the first to tag this record!
|
MARC
| LEADER | 00000ntm a22000003a 4500 | ||
|---|---|---|---|
| 001 | stu228678 | ||
| 005 | 20160719160541.8 | ||
| 008 | 110630s2011----xo------------------slo-d | ||
| 040 | |a STU |b slo | ||
| 041 | 0 | |a slo | |
| 044 | |a xo | ||
| 100 | 1 | |a Marčeková, Lucia, |d 1989- |4 aut |X 57219 |7 A000057219 | |
| 242 | 0 | 0 | |a Proposal to improve the state of unemployment in the district of Trenčín |y eng |
| 245 | 1 | |a Návrh na zlepšenie stavu nezamestnanosti v okrese Trenčín : |b Bakalárska práca | |
| 260 | |a Trnava : |b STU v Bratislave MTF UIPH, |c 2011 | ||
| 300 | |a 52 s., CD-ROM | ||
| 650 | 7 | |a nezamestnanosť |2 stusub | |
| 650 | 7 | |a personálna práca v priemyselnom podniku |2 stusub | |
| 650 | 7 | |a Personnel Policy in Industrial Plant |2 estusub | |
| 700 | 1 | |a Mrvová, Ľubica, |d 1959- |4 ths |u M4000 |U MTF Materiálovotechnologická fakulta |T MTF Ústav priemyselného inžinierstva a manažmentu |X 1484 |U M4000 |Y 84 |7 A000001484 | |
| 856 | 4 | |a info a plný text |u http://is.stuba.sk/zp/portal_zp.pl?podrobnosti=57945 |3 VAIS | |
| 996 | |c M*BP-5550 |l MMSKP |s P |a 0 |w stu228678_0001 | ||